Eurovision 2023 Bilderquiz Teil 2 - Statistiken

Allgemein
  • Dieses Quiz wurde 11 mal gespielt
  • Das Durchschnittsergebnis liegt bei 8 aus 12
Antwortstatistiken
Bildquiz Antwort % Korrekt
Italien
100%
Dänemark
78%
Frankreich
78%
Litauen
78%
Serbien
78%
Spanien
78%
Slowenien
67%
Zypern
67%
Moldau
56%
Niederlande
56%
Island
44%
San Marino
33%
Keine übereinstimmenden Quizze gefunden
Verteilung der Resultate
Anzahl Personen mit jedem Resultat
Perzentil nach korrekt beantworteten Fragen
Ihre Resultats-Entwicklung
Sie haben dieses Quiz noch nicht gespielt